Engineering economy : A behavioral approach

में बचाया:
ग्रंथसूची विवरण
मुख्य लेखक: Tarquin, Anthony J.
स्वरूप: पुस्तक
भाषा:Undetermined
प्रकाशित: New York McGraw-Hill Book Company 1976
विषय:
टैग : टैग जोड़ें
कोई टैग नहीं, इस रिकॉर्ड को टैग करने वाले पहले व्यक्ति बनें!
Thư viện lưu trữ: Trung tâm Học liệu Trường Đại học Cần Thơ
LEADER 00497nam a2200181Ia 4500
001 CTU_79136
008 210402s9999 xx 000 0 und d
082 |a 658.1 
082 |b T191 
100 |a Tarquin, Anthony J. 
245 0 |a Engineering economy : 
245 2 |b A behavioral approach 
245 0 |c Anthony J. Tarquin 
260 |a New York 
260 |b McGraw-Hill Book Company 
260 |c 1976 
650 |a Engineering economy 
980 |a Trung tâm Học liệu Trường Đại học Cần Thơ